|
|
|
|
| LEADER |
00673nam a22002052a 4500 |
| 001 |
001386158 |
| 003 |
CZ BrMZK |
| 005 |
20140514114503.0 |
| 007 |
ta |
| 008 |
140509s1962 xo er|||||||||||hun d |
| 040 |
|
|
|a BOA001
|b cze
|
| 100 |
1 |
|
|a Macháček, Vlastimil,
|d 1925-
|7 jk01072962
|4 aut
|
| 245 |
1 |
0 |
|a Geometria :
|b a dolgozók középiskolái számára.
|n Rész 2. /
|c Vlastimil Macháček
|
| 250 |
|
|
|a 1. kiad.
|
| 260 |
|
|
|a Bratislava :
|b Slovenské pedagogické nakladateľstvo,
|c 1962
|
| 300 |
|
|
|a 321 s.
|
| 910 |
|
|
|a BOA001
|b 2-0475.667,2
|
| 990 |
|
|
|a BK
|
| 991 |
|
|
|b 201405
|
| 996 |
7 |
|
|b 2619067707
|c 2-0475.667,2
|l MZK
|r Sklad / do 24 hodin
|n 0
|w 001420999
|u 000010
|a 1
|e BOA001
|j MZK50
|s A
|